| 000 | 00673nam a2200265Ia 4500 | ||
|---|---|---|---|
| 003 | OSt | ||
| 005 | 20220912151018.0 | ||
| 006 | a|||||r|||| 00| 0 | ||
| 007 | ta | ||
| 008 | 220909b |||||||| |||| 00| 0 eng d | ||
| 024 | _a55324 | ||
| 037 | _cTextual | ||
| 040 |
_aCSL _beng _cCSL |
||
| 041 | _aeng | ||
| 082 | _aL:573:8, M1 | ||
| 100 | _aBourne G H Ed. | ||
| 245 | 0 | _aHuman nutrition and diet | |
| 260 |
_aBasel _bS Karger _c1981 |
||
| 300 |
_ax,226p. _ccm. |
||
| 490 | _aWorld review of nutrition and dietetics | ||
| 650 | _a Nutrition | ||
| 650 | _aDiet | ||
| 942 |
_hL:573:8, M1 _cTEXL _2CC |
||
| 999 |
_c59318 _d59318 |
||